| 000 | 00908nac a22003370a 4500 | ||
|---|---|---|---|
| 001 | PT40978 | ||
| 003 | AR-LpoUNG | ||
| 005 | 20210201005417.0 | ||
| 008 | 201001s2004||||ag |||||||||||||||||spa d | ||
| 020 |
_a9875060860 _c$20 |
||
| 040 |
_aAR-LpoUNG _bspa _eaacr |
||
| 041 | _aspa | ||
| 044 | _aag | ||
| 082 | 0 | _a982.04 789v1 | |
| 100 | 1 |
_aGómez de Mier, Eugenio _edir. |
|
| 245 | 1 | 0 | _aCartas de Juan Manuel de Rosas (1820 - 1833) |
| 250 | _a1ra ed. | ||
| 260 |
_aBuenos Aires : _bDocencia, _c2004. |
||
| 300 |
_a317 p. : _bfot., mapas _a(3 _fVolúmenes) _3Impreso |
||
| 490 | 0 | _aCartas de Juan Manuel de Rosas | |
| 650 | 4 | _aARGENTINA | |
| 650 | 4 | _aCORRESPONDENCIA | |
| 650 | 4 | _aDOCUMENTOS PRIMARIOS | |
| 650 | 4 | _aHISTORIA | |
| 650 | 4 | _aJEFES DE ESTADO | |
| 651 | 4 | _aArgentina | |
| 653 | _aCARTAS | ||
| 710 | 2 | _aFundación Hernandarias (Buenos Aires) | |
| 905 | _a40978 | ||
| 942 | _cLIB | ||
| 999 |
_c49453 _d49453 |
||